Представление документа в формате MARC21

Поле Инд. ПП Название Значение
Тип записи a
Библиографический уровень m
001 Контрольный номер RU/LIBMSTU/305908800
005 Дата корректировки 20170713091624.1
008 Кодируемые данные 090921|||||||||ru |||||||||||000|||rus||
020 a ISBN 978-5-86185-462-7
c Цена, тираж 144-84
040 b Код языка каталог. rus
041 0_ a Код языка текста rus
084 a Индекс другой классификации/Индекс ББК 65.32+67.3(2)+67.404.96
090 a Полочн. индекс 65.32
x Авторский знак К 59
100 1_ a Автор Козлов С. С.
110 2_ a Организация/ юрисдикция Мурманский государственный технический университет
245 10 a Заглавие Теоретико-правовые проблемы советской аграрной политики в 40-90-е гг.
b Продолж. заглавия монография
c Ответственность Федер. агентство по рыболовству, ФГОУ ВПО "Мурман. гос. техн. ун-т"
260 a Место издания Мурманск
b Издательство Изд-во МГТУ
c Дата издания 2009
300 a Объем 122, [1] с.
504 a Библиография Библиогр.: с. 120-122
650 04 a Основная рубрика Аграрная политика в России-Теоретико-правовые проблемы-Монографии
653 0_ a Ключевые слова Аграрное право
a Ключевые слова Аграрные реформы
a Ключевые слова Деревня
a Ключевые слова Кризис 1993 г.
a Ключевые слова Политика аграрная
a Ключевые слова Сельское хозяйство
a Ключевые слова Стагнация
a Ключевые слова Монографии
901 t Тип документа m
952 c Вид литературы монография